[Event "GER-chT U10"]
[Site "Magdeburg"]
[Date "2016.12.29"]
[Round "7.3"]
[White "Wiechhusen, Laurin Elias"]
[Black "Dornheim, Anna Elisabeth"]
[Result "0-1"]
[WhiteElo "600"]
[BlackElo "600"]
[PlyCount "46"]
[EventDate "2016.12.27"]
[EventType "team-swiss"]
[EventRounds "7"]
[EventCountry "GER"]
[SourceTitle "EXT 2018"]
[Source "ChessBase"]
[SourceDate "2017.10.13"]
[SourceVersion "1"]
[SourceVersionDate "2017.10.13"]
[SourceQuality "1"]
[WhiteTeam "Schwerin"]
[BlackTeam "Magdeburg Schachzwerge II"]
[WhiteTeamCountry "GER"]
[BlackTeamCountry "GER"]

1. e4 e5 2. Bc4 Bc5 3. Nf3 Nc6 4. Nc3 Nf6 5. 0-0 0-0 6. d3 d6 7. Nd5 Nxd5 8. Bxd5 Qf6 9. c3 Bg4 10. Bg5 Qg6 11. Bd2 Bxf3 12. Qxf3 Rae8 13. b4 Bb6 14. a4 a5 15. b5 Bc5 16. bxc6 bxc6 17. Bc4 d5 18. exd5 e4 19. Rae1 exf3 20. g3 Rb8 21. dxc6 Qg4 22. Re4 Qh3 23. Bf4 Qg2# 0-1